[Event "Titled Tuesday intern op 20th Dec Late"]
[Site "Chess.com INT"]
[Date "2022.12.20"]
[Round "2"]
[White "Skibbe, Willi"]
[Black "Li, Eric M"]
[Result "1-0"]
[WhiteElo "2189"]
[BlackElo "1980"]
[PlyCount "113"]
[EventDate "2022.12.20"]
[EventType "swiss (blitz)"]
[EventRounds "11"]
[EventCountry "USA"]
[SourceTitle "EXT 2024"]
[Source "ChessBase"]
[SourceDate "2023.10.10"]
[SourceVersion "1"]
[SourceVersionDate "2023.10.10"]
[SourceQuality "1"]

1. c4 e5 2. Nc3 Nc6 3. Nf3 f5 4. d4 d6 5. dxe5 Nxe5 6. Nxe5 dxe5 7. Qxd8+ Kxd8 8. Bg5+ Be7 9. Bxe7+ Nxe7 10. g3 c6 11. 0-0-0+ Kc7 12. e4 g6 13. exf5 gxf5 14. Bh3 Ng6 15. Rhe1 Be6 16. c5 Rad8 17. Rxd8 Rxd8 18. f4 e4 19. Nxe4 Bxa2 20. Bxf5 Rd5 21. Bxg6 hxg6 22. b4 a5 23. Nc3 axb4 24. Nxa2 Rxc5+ 25. Kb2 Rc4 26. Kb3 Rd4 27. Nxb4 c5 28. Nc2 Rd2 29. Re7+ Kc6 30. Re6+ Kd5 31. Rxg6 Rxh2 32. Rb6 Rh3 33. Rg6 b5 34. Rg5+ Kc6 35. Ne3 Rh1 36. Rg6+ Kb7 37. Nd5 Rb1+ 38. Kc2 Rf1 39. Rb6+ Ka7 40. Rxb5 Rf2+ 41. Kd1 c4 42. Rc5 Rf3 43. Rxc4 Rxg3 44. Ke2 Kb7 45. Ne3 Kb6 46. Kf2 Rg8 47. f5 Kb5 48. Rc2 Rh8 49. Kf3 Rh4 50. f6 Rh6 51. Ng4 Rh5 52. Kf4 Rh7 53. Kf5 Kb4 54. Kg6 Ra7 55. f7 Ra8 56. Re2 Ra6+ 57. Nf6 1-0

[Event "Philadelphia int op 15th"]
[Site "Philadelphia"]
[Date "2022.06.26"]
[Round "5"]
[White "Li, Eric M"]
[Black "Sai Agni, Jeevitesh J"]
[Result "0-1"]
[WhiteElo "1979"]
[BlackElo "2235"]
[PlyCount "72"]
[EventDate "2022.06.24"]
[EventType "swiss"]
[EventRounds "9"]
[EventCountry "USA"]
[SourceTitle "CBM 209 Extra"]
[Source "ChessBase"]
[SourceDate "2022.09.30"]
[SourceVersion "1"]
[SourceVersionDate "2022.09.30"]
[SourceQuality "1"]

1. d4 d5 2. Nf3 Nf6 3. Bf4 c5 4. e3 Nc6 5. Nbd2 cxd4 6. exd4 Qb6 7. Nb3 Bf5 8. c3 e6 9. Be2 Be7 10. Nh4 Be4 11. f3 Bg6 12. Nxg6 hxg6 13. h3 Nh5 14. Be3 Bh4+ 15. Bf2 Bxf2+ 16. Kxf2 Qc7 17. Kg1 Qf4 18. Qc1 Ng3 19. Bb5 Qxc1+ 20. Rxc1 Nxh1 21. Bxc6+ bxc6 22. Kxh1 Rb8 23. Rc2 Ke7 24. Kh2 f6 25. f4 Kd6 26. Re2 Rbe8 27. Na5 Re7 28. b4 Rhe8 29. Kg3 e5 30. fxe5+ fxe5 31. dxe5+ Rxe5 32. Rf2 Re3+ 33. Kh4 R8e4+ 34. g4 Rxc3 35. Nb7+ Ke7 36. Nc5 Rxb4 0-1

[Event "Pan American-ch U18"]
[Site "Guayaquil"]
[Date "2019.07.26"]
[Round "8"]
[White "Li, Eric M"]
[Black "Miyasaka, Marcus M"]
[Result "1/2-1/2"]
[WhiteElo "1930"]
[BlackElo "2132"]
[PlyCount "53"]
[EventDate "2019.07.21"]
[EventType "swiss"]
[EventRounds "9"]
[EventCountry "ECU"]
[SourceTitle "EXT 2020"]
[Source "ChessBase"]
[SourceDate "2019.10.17"]
[SourceVersion "1"]
[SourceVersionDate "2019.10.17"]
[SourceQuality "1"]

1. d4 Nf6 2. Nf3 d5 3. Bf4 c5 4. e3 Nc6 5. Nbd2 Bg4 6. c3 Qb6 7. Qb3 c4 8. Qc2 e6 9. Be2 Qa5 10. 0-0 b5 11. b4 Nxb4 12. cxb4 Bxb4 13. Nb1 Bf5 14. Qd1 h6 15. a3 0-0 16. Ne1 Rfc8 17. Nc2 Be7 18. f3 Qa4 19. Nb4 Qxd1 20. Bxd1 a5 21. Na2 b4 22. Rf2 c3 23. Ba4 Bd3 24. g4 Ra7 25. Nc1 Bc4 26. Bc2 Rb7 27. axb4 1/2-1/2

[Event "Pan American-ch U18"]
[Site "Guayaquil"]
[Date "2019.07.25"]
[Round "7"]
[White "Li, Eric M"]
[Black "Garcia De Dios, Jose Antonio"]
[Result "1-0"]
[WhiteElo "1930"]
[BlackElo "2143"]
[PlyCount "73"]
[EventDate "2019.07.21"]
[EventType "swiss"]
[EventRounds "9"]
[EventCountry "ECU"]
[SourceTitle "EXT 2020"]
[Source "ChessBase"]
[SourceDate "2019.10.17"]
[SourceVersion "1"]
[SourceVersionDate "2019.10.17"]
[SourceQuality "1"]

1. d4 Nf6 2. c4 g6 3. Nc3 Bg7 4. e4 d6 5. Nf3 0-0 6. h3 e5 7. d5 Nh5 8. Bg5 Qe8 9. Be2 f5 10. exf5 gxf5 11. 0-0 Nf6 12. Rc1 Qg6 13. Qd2 h6 14. Bxf6 Bxf6 15. c5 e4 16. Nh2 Bg5 17. Qd4 Bxc1 18. Rxc1 f4 19. Qxe4 Bf5 20. Qf3 Nd7 21. cxd6 cxd6 22. Ng4 Ne5 23. Nxe5 dxe5 24. Bc4 Rac8 25. Bb3 Kh8 26. Re1 Rfe8 27. Kh2 a6 28. Re2 Bd3 29. Rd2 e4 30. Qxf4 Rg8 31. f3 Bf1 32. g4 Rcf8 33. Qe5+ Rg7 34. Nxe4 Rxf3 35. Ng3 Bd3 36. Bd1 Bb5 37. Bxf3 1-0

[Event "Pan American-ch U18"]
[Site "Guayaquil"]
[Date "2019.07.24"]
[Round "6"]
[White "Park, Evan"]
[Black "Li, Eric M"]
[Result "0-1"]
[WhiteElo "2036"]
[BlackElo "1930"]
[PlyCount "40"]
[EventDate "2019.07.21"]
[EventType "swiss"]
[EventRounds "9"]
[EventCountry "ECU"]
[SourceTitle "EXT 2020"]
[Source "ChessBase"]
[SourceDate "2019.10.17"]
[SourceVersion "1"]
[SourceVersionDate "2019.10.17"]
[SourceQuality "1"]

1. e4 c5 2. Nf3 Nc6 3. d4 cxd4 4. Nxd4 Qb6 5. Nb3 Nf6 6. Nc3 e6 7. Qe2 Bb4 8. Bd2 0-0 9. g3 Bxc3 10. Bxc3 e5 11. 0-0-0 Re8 12. h3 Rd8 13. Rd6 Qc7 14. Rxf6 gxf6 15. Qg4+ Kh8 16. Qh4 Qd6 17. Nd2 Qe7 18. Nc4 f5 19. Qh6 d6 20. Ne3 fxe4 0-1

[Event "Pan American-ch U18"]
[Site "Guayaquil"]
[Date "2019.07.22"]
[Round "3"]
[White "Li, Eric M"]
[Black "Vera Sanchez, Pavel Genaro"]
[Result "0-1"]
[WhiteElo "1930"]
[BlackElo "2162"]
[PlyCount "92"]
[EventDate "2019.07.21"]
[EventType "swiss"]
[EventRounds "9"]
[EventCountry "ECU"]
[SourceTitle "EXT 2020"]
[Source "ChessBase"]
[SourceDate "2019.10.17"]
[SourceVersion "1"]
[SourceVersionDate "2019.10.17"]
[SourceQuality "1"]

1. Nf3 Nf6 2. c4 e6 3. Nc3 d5 4. d4 Bb4 5. e3 0-0 6. Qb3 a5 7. a3 Be7 8. Bd3 c5 9. 0-0 Nc6 10. Rd1 cxd4 11. exd4 Bd7 12. cxd5 a4 13. Qa2 exd5 14. Nxd5 Bg4 15. Nxe7+ Qxe7 16. Re1 Qd6 17. Be2 Nxd4 18. Nxd4 Qxd4 19. Be3 Qe5 20. Bc4 b5 21. Bf1 Be6 22. Qb1 Ng4 23. g3 Qh5 24. h4 Ne5 25. Be2 Bg4 26. Bxg4 Qxg4 27. Kg2 Nf3 28. Rh1 Rfd8 29. Qf1 Qe4 30. Kh3 Rd3 31. Rd1 Rad8 32. Rxd3 Rxd3 33. Qc1 Qe6+ 34. Kg2 Ne5 35. Qc5 Nc4 36. Re1 Rd5 37. Qb4 h6 38. Bf4 Qc6 39. Kh2 g5 40. hxg5 hxg5 41. Bb8 g4 42. Kg1 Rh5 43. f3 Qxf3 44. Re8+ Kh7 45. Rh8+ Kxh8 46. Qf8+ Kh7 0-1

[Event "Philadelphia int op 13th"]
[Site "Philadelphia"]
[Date "2019.06.27"]
[Round "1"]
[White "Li, Eric M"]
[Black "Stukopin, Andrey"]
[Result "0-1"]
[WhiteElo "1982"]
[BlackElo "2562"]
[PlyCount "122"]
[EventDate "2019.06.27"]
[EventType "swiss"]
[EventRounds "9"]
[EventCountry "USA"]
[SourceTitle "EXT 2020"]
[Source "ChessBase"]
[SourceDate "2019.10.17"]
[SourceVersion "1"]
[SourceVersionDate "2019.10.17"]
[SourceQuality "1"]

1. d4 Nf6 2. c4 e6 3. g3 Bb4+ 4. Bd2 Be7 5. Bg2 d5 6. Nf3 c6 7. 0-0 Nbd7 8. Qb3 0-0 9. Bb4 b6 10. Bxe7 Qxe7 11. Nbd2 Bb7 12. Rfd1 c5 13. Rac1 Rfc8 14. Qa3 Kf8 15. e3 Rc7 16. dxc5 Qxc5 17. b4 Qe7 18. Qb2 Rac8 19. cxd5 Nxd5 20. Rxc7 Rxc7 21. a3 Nc3 22. Re1 Qf6 23. Qa1 h6 24. Nd4 Bxg2 25. Kxg2 e5 26. Ne2 Qc6+ 27. Kg1 Nxe2+ 28. Rxe2 Qc1+ 29. Qxc1 Rxc1+ 30. Kg2 Rc3 31. Nb1 Rb3 32. Re1 Ke7 33. Rc1 f5 34. Kf3 Rb2 35. Nc3 e4+ 36. Kg2 Ne5 37. Nb5 Ng4 38. Nxa7 Rxf2+ 39. Kg1 Ra2 40. Nc8+ Kf6 41. Nxb6 Nxh2 42. Rc7 Nf3+ 43. Kf1 Rxa3 44. b5 Ra1+ 45. Kf2 Ra2+ 46. Kf1 Rb2 47. Nd7+ Kg5 48. Nf8 g6 49. Rc6 Ne5 50. Rc5 Ng4 51. Ne6+ Kf6 52. Nf4 Nxe3+ 53. Kg1 g5 54. Rc6+ Kf7 55. Rc7+ Ke8 56. Ne6 Rxb5 57. Ng7+ Kf8 58. Rd7 Re5 59. Nh5 Ng4 60. Kf1 Re7 61. Rd6 Kf7 0-1

[Event "Mississauga Golden Horseshoe op"]
[Site "Mississauga"]
[Date "2019.06.08"]
[Round "1.1"]
[White "Li, Eric M"]
[Black "Noritsyn, Nikolay"]
[Result "0-1"]
[WhiteElo "2155"]
[BlackElo "2625"]
[PlyCount "82"]
[EventDate "2019.06.08"]
[EventType "swiss"]
[EventRounds "5"]
[EventCountry "CAN"]
[SourceTitle "EXT 2022"]
[Source "ChessBase"]
[SourceDate "2021.10.06"]
[SourceVersion "1"]
[SourceVersionDate "2021.10.06"]
[SourceQuality "1"]

1. d4 e6 2. Nf3 f5 3. c4 Nf6 4. Nc3 Bb4 5. Bd2 0-0 6. g3 d6 7. Bg2 Qe7 8. a3 Bxc3 9. Bxc3 Nbd7 10. 0-0 Ne4 11. Rc1 a5 12. b3 Nxc3 13. Rxc3 e5 14. e3 Nf6 15. Qe2 Bd7 16. Rfc1 c5 17. Qb2 Rae8 18. b4 axb4 19. axb4 e4 20. Nd2 cxd4 21. exd4 Qf7 22. Re1 Be6 23. b5 d5 24. cxd5 Bxd5 25. Qc2 Qd7 26. Qb1 Qe6 27. Bh3 Nd7 28. Nf1 Qh6 29. Bg2 Nf6 30. Ne3 Be6 31. Rc7 f4 32. Nf1 Bh3 33. Qb3+ Kh8 34. gxf4 Bxg2 35. Kxg2 Nh5 36. Kh1 Nxf4 37. Qg3 Nd3 38. Re2 Nf4 39. Re1 Re6 40. Qg1 Nh3 41. Qg3 Rg6 0-1

[Event "CAN-ch U20 op"]
[Site "Toronto"]
[Date "2018.08.10"]
[Round "5.5"]
[White "Gao, Raymond"]
[Black "Li, Eric M"]
[Result "1/2-1/2"]
[WhiteElo "1736"]
[BlackElo "2037"]
[PlyCount "66"]
[EventDate "2018.08.08"]
[EventType "swiss"]
[EventRounds "9"]
[EventCountry "CAN"]
[SourceTitle "EXT 2022"]
[Source "ChessBase"]
[SourceDate "2021.10.06"]
[SourceVersion "1"]
[SourceVersionDate "2021.10.06"]
[SourceQuality "1"]

1. e4 c5 2. Nf3 e6 3. d4 cxd4 4. Nxd4 a6 5. Nc3 b5 6. a3 Bb7 7. Be3 Nf6 8. f3 Nc6 9. Be2 d5 10. exd5 Nxd5 11. Nxd5 Qxd5 12. Nxc6 Qxc6 13. Bd3 Rd8 14. Qe2 Bd6 15. Be4 Qc7 16. Bxb7 Qxb7 17. 0-0 0-0 18. Rad1 Qc7 19. g3 Rd7 20. Rd2 Rfd8 21. Rfd1 Be5 22. c3 Bf6 23. Kf2 g6 24. Rd3 h5 25. Kg2 Qc4 26. b3 Qc6 27. Rxd7 Rxd7 28. Rxd7 Qxd7 29. c4 bxc4 30. Qxc4 Qd6 31. a4 Qe5 32. Bf2 Qa5 33. Qc5 Qd8 1/2-1/2

[Event "Canadian op"]
[Site "Quebec"]
[Date "2018.07.09"]
[Round "4"]
[White "Li, Eric M"]
[Black "Zhao, Jim"]
[Result "0-1"]
[WhiteElo "1880"]
[BlackElo "2169"]
[PlyCount "154"]
[EventDate "2018.07.07"]
[EventType "swiss"]
[EventRounds "9"]
[EventCountry "CAN"]
[SourceTitle "EXT 2019"]
[Source "ChessBase"]
[SourceDate "2018.10.10"]
[SourceVersion "1"]
[SourceVersionDate "2018.10.10"]
[SourceQuality "1"]

1. d4 d5 2. Bf4 Nf6 3. e3 c5 4. c3 e6 5. Nd2 Bd6 6. Bg3 0-0 7. Ngf3 Qc7 8. Ne5 Nfd7 9. f4 f6 10. Nxd7 Nxd7 11. Nf3 c4 12. Be2 b5 13. 0-0 Rb8 14. a3 a5 15. Qc2 Bb7 16. Nd2 e5 17. fxe5 fxe5 18. Bg4 Nf6 19. Be6+ Kh8 20. Rae1 e4 21. Bxd6 Qxd6 22. Bh3 Bc6 23. Rf2 b4 24. axb4 axb4 25. Ra1 b3 26. Qc1 Bd7 27. Bxd7 Qxd7 28. h3 Qd6 29. Nf1 h6 30. Ra7 Nh5 31. Raf7 Nf6 32. Rxf8+ Rxf8 33. Qa1 Rf7 34. Nh2 h5 35. Qa8+ Kh7 36. Nf1 Rd7 37. Rf4 g5 38. Rf5 Kg6 39. Re5 Rd8 40. Qb7 Rd7 41. Qa8 Re7 42. Rxe7 Qxe7 43. Ng3 Qc7 44. Nf1 Qd6 45. Kf2 Kg7 46. Ng3 Kg6 47. Nf1 Qd7 48. Ke2 g4 49. h4 g3 50. Qb8 Qg4+ 51. Ke1 Qxh4 52. Qxg3+ Qg5 53. Qxg5+ Kxg5 54. Ke2 Nd7 55. Ng3 Kg4 56. Nh1 Nb6 57. Kd2 Na4 58. Kc1 h4 59. Kb1 h3 60. Nf2+ Kg3 61. Nxh3 Nb6 62. Kc1 Kxg2 63. Nf4+ Kf2 64. Kd2 Kf3 65. Ne6 Na4 66. Nc7 Nxb2 67. Nxd5 Na4 68. Nf6 b2 69. Kc2 Kxe3 70. d5 Nxc3 71. Kxb2 Nb5 72. Ne8 Kd2 73. d6 c3+ 74. Ka2 c2 75. d7 c1Q 76. d8Q+ Kc2 77. Qf6 Qb1# 0-1

[Event "Wch U16"]
[Site "Montevideo"]
[Date "2017.09.25"]
[Round "10"]
[White "Aguerre, Valentin"]
[Black "Li, Eric M"]
[Result "0-1"]
[WhiteElo "1640"]
[BlackElo "1844"]
[PlyCount "86"]
[EventDate "2017.09.17"]
[EventType "swiss"]
[EventRounds "11"]
[EventCountry "URU"]
[SourceTitle "EXT 2018"]
[Source "ChessBase"]
[SourceDate "2017.10.13"]
[SourceVersion "1"]
[SourceVersionDate "2017.10.13"]
[SourceQuality "1"]

1. d4 Nf6 2. Bf4 d5 3. e3 c5 4. c3 Nc6 5. Nd2 Bf5 6. Ngf3 e6 7. Nh4 Bg4 8. f3 Bh5 9. Qb3 Nd7 10. g4 Na5 11. Qa4 Qxh4+ 12. Bg3 Qd8 13. gxh5 Nc6 14. Bd3 a6 15. Qc2 Rc8 16. Qb1 Nf6 17. f4 cxd4 18. exd4 Nxh5 19. Nf3 Bd6 20. Ne5 f5 21. Qd1 Nxg3 22. hxg3 Nxe5 23. dxe5 Bc5 24. Qh5+ Kd7 25. Rd1 g6 26. Qe2 Kc7 27. a3 Kb8 28. c4 dxc4 29. Bxc4 Qe7 30. Rh2 Rcd8 31. b4 Bb6 32. Qc2 g5 33. Bxe6 gxf4 34. gxf4 Qg7 35. Qg2 Qe7 36. Qa2 Be3 37. Qc4 Qg7 38. Rxd8+ Rxd8 39. Rf2 Qg3 40. Qe2 Bxf2+ 41. Qxf2 Rd1+ 42. Kxd1 Qxf2 43. Bxf5 h6 0-1

[Event "Wch U16"]
[Site "Montevideo"]
[Date "2017.09.22"]
[Round "6"]
[White "Li, Eric M"]
[Black "Otawa, Yuto"]
[Result "1/2-1/2"]
[WhiteElo "1844"]
[BlackElo "2032"]
[PlyCount "131"]
[EventDate "2017.09.17"]
[EventType "swiss"]
[EventRounds "11"]
[EventCountry "URU"]
[SourceTitle "CBM 180 Extra"]
[Source "ChessBase"]
[SourceDate "2017.10.06"]
[SourceVersion "1"]
[SourceVersionDate "2017.10.06"]
[SourceQuality "1"]

1. d4 Nf6 2. Bf4 c5 3. e3 g6 4. c3 b6 5. Nf3 Bg7 6. Nbd2 Bb7 7. h3 0-0 8. Be2 d5 9. 0-0 Nc6 10. a4 Nd7 11. Qb3 Qc8 12. Rfd1 e6 13. Bg3 Ba6 14. Bxa6 Qxa6 15. Nb1 Rfc8 16. Na3 Na5 17. Qc2 Qb7 18. Nb5 Bf8 19. Nd6 Bxd6 20. Bxd6 Qc6 21. Bf4 Nc4 22. Re1 Nd6 23. Ne5 Nxe5 24. Bxe5 Nc4 25. Bf6 a6 26. Qc1 Nd6 27. f3 Ne8 28. Be5 f6 29. Bg3 Nd6 30. Bf2 e5 31. dxe5 fxe5 32. Bg3 Re8 33. Qc2 e4 34. Bxd6 Qxd6 35. f4 Rad8 36. Red1 Qc6 37. Qe2 Qb7 38. b4 Rd6 39. a5 cxb4 40. cxb4 b5 41. Rd4 Rc8 42. Rad1 Rc4 43. Kh2 Qc6 44. R1d2 Rxd4 45. Rxd4 Qc3 46. Qf2 Kg7 47. Qg3 Qc8 48. Qg5 Qe6 49. Qh4 Rc6 50. Qd8 Rd6 51. Qc7+ Qd7 52. Qc5 Kf7 53. Rd2 Ke6 54. Rc2 Kf7 55. Qd4 Rc6 56. Rc5 Rxc5 57. Qxc5 Ke6 58. Qb6+ Qd6 59. Qa7 d4 60. exd4 Qxf4+ 61. Kg1 Qc1+ 62. Kh2 Qf4+ 63. Kg1 Qc1+ 64. Kf2 Qd2+ 65. Kg3 Qe3+ 66. Kh2 1/2-1/2

[Event "Wch U16"]
[Site "Montevideo"]
[Date "2017.09.20"]
[Round "5"]
[White "Coro, Lucas"]
[Black "Li, Eric M"]
[Result "1-0"]
[WhiteElo "2193"]
[BlackElo "1844"]
[PlyCount "77"]
[EventDate "2017.09.17"]
[EventType "swiss"]
[EventRounds "11"]
[EventCountry "URU"]
[SourceTitle "CBM 180 Extra"]
[Source "ChessBase"]
[SourceDate "2017.10.06"]
[SourceVersion "1"]
[SourceVersionDate "2017.10.06"]
[SourceQuality "1"]

1. e4 c5 2. Nf3 Nc6 3. Bb5 d6 4. 0-0 Bd7 5. c3 a6 6. Ba4 g6 7. d4 cxd4 8. cxd4 Bg7 9. Nc3 Nf6 10. d5 Na7 11. h3 0-0 12. Be3 b5 13. Bc2 Nc8 14. a4 b4 15. Nb1 a5 16. Nbd2 Nb6 17. Bd3 Bc8 18. Nd4 Bb7 19. Bb5 Nfd7 20. N2b3 Qb8 21. Qe2 Rc8 22. Nc6 Bxc6 23. Bxc6 Rxc6 24. dxc6 Ne5 25. Qb5 Nbc4 26. Bd4 Qc8 27. Bxe5 Nxe5 28. Rac1 Qc7 29. Qb7 Ra7 30. Qxc7 Rxc7 31. Rfd1 Rxc6 32. Rxc6 Nxc6 33. Rc1 Ne5 34. Rc8+ Bf8 35. Nxa5 Nd3 36. Nc4 f5 37. a5 Nc5 38. Rxc5 dxc5 39. a6 1-0

[Event "Wch U16"]
[Site "Montevideo"]
[Date "2017.09.19"]
[Round "4"]
[White "Li, Eric M"]
[Black "Stijve, Theo"]
[Result "0-1"]
[WhiteElo "1844"]
[BlackElo "2262"]
[PlyCount "140"]
[EventDate "2017.09.17"]
[EventType "swiss"]
[EventRounds "11"]
[EventCountry "URU"]
[SourceTitle "CBM 180 Extra"]
[Source "ChessBase"]
[SourceDate "2017.10.06"]
[SourceVersion "1"]
[SourceVersionDate "2017.10.06"]
[SourceQuality "1"]

1. d4 Nf6 2. Bf4 d5 3. e3 c5 4. c3 Qb6 5. Qb3 c4 6. Qc2 g6 7. Nf3 Bf5 8. Qc1 Bg7 9. h3 Nc6 10. Nbd2 Rc8 11. Be2 0-0 12. 0-0 Nd7 13. e4 Bxe4 14. Nxe4 dxe4 15. Nd2 e5 16. Nxc4 Qd8 17. dxe5 Ndxe5 18. Rd1 Nd3 19. Bxd3 exd3 20. Nd6 Nd4 21. Qd2 Ne2+ 22. Kf1 Rc6 23. Bh2 Rxd6 24. Bxd6 Qxd6 25. Qxd3 Qh2 26. Kxe2 Qxg2 27. Qe3 Qc6 28. Qd3 Bf6 29. Qd5 Qa4 30. Kf1 Re8 31. Re1 Rd8 32. Qf3 Qa6+ 33. Kg2 Rd2 34. Rad1 Rxb2 35. Rd7 Qc6 36. Qxc6 bxc6 37. Re8+ Kg7 38. Rxa7 Bh4 39. Kf3 Rxf2+ 40. Ke3 Rh2 41. Kd3 Rxh3+ 42. Kc4 Bf6 43. Ra3 h5 44. Rb3 Rh4+ 45. Kc5 Ra4 46. c4 Ra6 47. Rc8 Be7+ 48. Kd4 c5+ 49. Ke3 Kf6 50. Rc7 Bd6 51. Rd7 Ke6 52. Rbb7 Ra3+ 53. Ke2 Rxa2+ 54. Kf3 Ra3+ 55. Kg2 f6 56. Rh7 Be5 57. Rb5 Bd4 58. Rh6 Kf5 59. Rb7 Kg5 60. Rh8 Kg4 61. Rd8 Ra2+ 62. Kf1 Rc2 63. Rxd4+ cxd4 64. Rc7 h4 65. c5 d3 66. c6 g5 67. Rc8 h3 68. c7 h2 69. Rh8 Rxc7 70. Kf2 Re7 0-1

[Event "Wch U16"]
[Site "Montevideo"]
[Date "2017.09.17"]
[Round "1"]
[White "Stoleriu, George"]
[Black "Li, Eric M"]
[Result "1-0"]
[WhiteElo "2315"]
[BlackElo "1844"]
[PlyCount "59"]
[EventDate "2017.09.17"]
[EventType "swiss"]
[EventRounds "11"]
[EventCountry "URU"]
[SourceTitle "CBM 180 Extra"]
[Source "ChessBase"]
[SourceDate "2017.10.06"]
[SourceVersion "1"]
[SourceVersionDate "2017.10.06"]
[SourceQuality "1"]

1. e4 c5 2. Nc3 Nc6 3. Bb5 Nd4 4. Bc4 e6 5. Nge2 Nxe2 6. Qxe2 Ne7 7. d3 Nc6 8. Be3 a6 9. a4 b6 10. 0-0 Be7 11. f4 d6 12. f5 0-0 13. fxe6 Bxe6 14. Nd5 Ne5 15. Bb3 Rb8 16. d4 Ng4 17. Bf4 Bxd5 18. exd5 Qd7 19. h3 Nf6 20. dxc5 bxc5 21. Rae1 Bd8 22. Qxa6 Bb6 23. Kh1 Qc7 24. a5 Bxa5 25. Bxd6 Rb6 26. Bxc7 Rxa6 27. Re7 Ne4 28. Rfxf7 Rxf7 29. Re8+ Rf8 30. d6+ 1-0

[Event "Canadian op U2200"]
[Site "Sault Ste Marie"]
[Date "2017.07.14"]
[Round "7"]
[White "Li, Eric M"]
[Black "Konovalenko, Sasha"]
[Result "1/2-1/2"]
[WhiteElo "1992"]
[BlackElo "1982"]
[PlyCount "63"]
[EventDate "2017.07.11"]
[EventType "swiss"]
[EventRounds "9"]
[EventCountry "CAN"]
[SourceTitle "EXT 2022"]
[Source "ChessBase"]
[SourceDate "2021.10.06"]
[SourceVersion "1"]
[SourceVersionDate "2021.10.06"]
[SourceQuality "1"]

1. d4 d5 2. Bf4 Bf5 3. Nf3 Nf6 4. e3 e6 5. Bd3 Bxd3 6. cxd3 Bd6 7. Bg3 Nbd7 8. Qb3 Nb6 9. Nc3 c6 10. Rc1 0-0 11. 0-0 h6 12. Na4 Nxa4 13. Qxa4 Re8 14. b4 a6 15. Qb3 Bxg3 16. hxg3 Nd7 17. a4 Qb6 18. Rb1 Rec8 19. Rfc1 Rc7 20. Qc3 a5 21. b5 Rac8 22. Qa3 c5 23. dxc5 Rxc5 24. d4 Rc4 25. Rxc4 Rxc4 26. Rc1 Qc7 27. Rxc4 dxc4 28. Qc3 Nb6 29. Nd2 Nxa4 30. Qxc4 Qxc4 31. Nxc4 b6 32. Kf1 1/2-1/2

[Event "Canadian op U2200"]
[Site "Sault Ste Marie"]
[Date "2017.07.12"]
[Round "4"]
[White "Atanasov, Anthony"]
[Black "Li, Eric M"]
[Result "0-1"]
[WhiteElo "1823"]
[BlackElo "1992"]
[PlyCount "110"]
[EventDate "2017.07.11"]
[EventType "swiss"]
[EventRounds "9"]
[EventCountry "CAN"]
[SourceTitle "EXT 2022"]
[Source "ChessBase"]
[SourceDate "2021.10.06"]
[SourceVersion "1"]
[SourceVersionDate "2021.10.06"]
[SourceQuality "1"]

1. d4 Nf6 2. Nf3 g6 3. c4 Bg7 4. Nc3 d5 5. Bf4 0-0 6. e3 c5 7. Be2 Nc6 8. Ne5 Be6 9. cxd5 Nxd5 10. Nxc6 bxc6 11. Nxd5 cxd5 12. Qd2 cxd4 13. exd4 Qb6 14. Rd1 Rac8 15. 0-0 Bf5 16. Bf3 Rfd8 17. Rfe1 Rc2 18. Qe3 Bf8 19. Bh6 Bxh6 20. Qxh6 Be6 21. Qg5 Rd7 22. Bg4 Bxg4 23. Qxg4 e6 24. b3 Rxa2 25. Re3 Qa6 26. h4 Ra1 27. Rc3 Rxd1+ 28. Qxd1 Qd6 29. h5 Rc7 30. Rh3 Qf4 31. Rf3 Rc1 32. Rxf4 Rxd1+ 33. Kh2 Rd3 34. b4 Rb3 35. Rf3 Rxf3 36. gxf3 gxh5 37. Kg3 Kg7 38. Kh4 Kg6 39. f4 a6 40. f3 f6 41. Kh3 Kf5 42. Kg3 h4+ 43. Kxh4 Kxf4 44. Kh5 e5 45. dxe5 fxe5 46. Kh6 d4 47. Kg7 d3 48. b5 axb5 49. Kh8 d2 50. Kg7 d1Q 51. Kf6 Qd6+ 52. Kg7 h5 53. Kf7 Kf5 54. Ke8 Ke6 55. f4 Qe7# 0-1

[Event "CAN-ch U16"]
[Site "Sault Ste Marie"]
[Date "2017.07.07"]
[Round "4.20"]
[White "Li, Eric M"]
[Black "Butchart, Brian"]
[Result "1-0"]
[WhiteElo "1992"]
[BlackElo "1248"]
[PlyCount "106"]
[EventDate "2017.07.06"]
[EventType "swiss"]
[EventRounds "7"]
[EventCountry "CAN"]
[SourceTitle "EXT 2022"]
[Source "ChessBase"]
[SourceDate "2021.10.06"]
[SourceVersion "1"]
[SourceVersionDate "2021.10.06"]
[SourceQuality "1"]

1. d4 Nf6 2. Bf4 g6 3. Nf3 Bg7 4. e3 d6 5. h3 Nbd7 6. Be2 0-0 7. 0-0 Nh5 8. Bh2 e5 9. c3 Qe7 10. Na3 f5 11. Rc1 Nhf6 12. b4 Ne8 13. Qb3+ Kh8 14. Nc4 g5 15. dxe5 dxe5 16. Rcd1 g4 17. hxg4 fxg4 18. Ne1 Qh4 19. Bg3 Qh5 20. f3 gxf3 21. Nxf3 Qh6 22. Nfxe5 Rxf1+ 23. Kxf1 Nxe5 24. Nxe5 Nd6 25. Rxd6 Qh1+ 26. Kf2 Be6 27. Rxe6 Rf8+ 28. Nf3 Qh5 29. Re4 Qg6 30. Qe6 Bf6 31. Rg4 Qh5 32. Rg8+ Rxg8 33. Qxf6+ Rg7 34. Qf8+ Rg8 35. Qf6+ Rg7 36. Be5 Qg6 37. Qxg7+ Qxg7 38. Bxg7+ Kxg7 39. e4 Kf6 40. Ke3 c6 41. Kd4 b6 42. e5+ Ke6 43. Bc4+ Ke7 44. e6 Kd6 45. a4 c5+ 46. bxc5+ bxc5+ 47. Ke4 a5 48. g4 h6 49. Nh4 Ke7 50. Nf5+ Kf6 51. e7 h5 52. e8Q hxg4 53. Kf4 g3 1-0

[Event "Toronto CMA Futurity"]
[Site "Toronto"]
[Date "2017.04.16"]
[Round "5"]
[White "Kang, Dorian"]
[Black "Li, Eric M"]
[Result "0-1"]
[WhiteElo "1612"]
[BlackElo "1753"]
[PlyCount "88"]
[EventDate "2017.03.14"]
[EventType "swiss"]
[EventRounds "5"]
[EventCountry "CAN"]
[SourceTitle "EXT 2022"]
[Source "ChessBase"]
[SourceDate "2021.10.06"]
[SourceVersion "1"]
[SourceVersionDate "2021.10.06"]
[SourceQuality "1"]

1. c4 e5 2. Nc3 Nc6 3. e4 Bc5 4. g3 d6 5. Bg2 f5 6. d3 Nf6 7. Nge2 0-0 8. 0-0 Qe8 9. Be3 Bb6 10. Bxb6 axb6 11. d4 exd4 12. Nxd4 fxe4 13. Re1 Qf7 14. Bxe4 Nxe4 15. Nxe4 Qxc4 16. Nb3 Ne5 17. f4 Bg4 18. Qc1 Qxc1 19. Rexc1 Nc6 20. a3 Rfe8 21. Nc3 Re3 22. Re1 Rae8 23. Rxe3 Rxe3 24. Kf2 Re7 25. Re1 Rxe1 26. Kxe1 Be6 27. Nd2 Nd4 28. Kf2 Kf8 29. Ke3 c5 30. Kd3 b5 31. b4 b6 32. h3 Bf5+ 33. Nde4 d5 34. Nxd5 Nc2 35. Nxb6 cxb4 36. axb4 Nxb4+ 37. Kc3 Nc6 38. Nf2 Be6 39. g4 Ke7 40. Nd3 Kd6 41. f5 Bf7 42. Nb4 Ne7 43. Kd4 h5 44. Kc3 Kc7 0-1

[Event "Windsor NAYCC U14"]
[Site "Windsor"]
[Date "2016.08.11"]
[Round "9.70"]
[White "Li, Eric M"]
[Black "Hou, Frank Gui"]
[Result "1-0"]
[WhiteElo "1658"]
[BlackElo "1295"]
[PlyCount "79"]
[EventDate "2016.08.07"]
[EventType "swiss"]
[EventRounds "9"]
[EventCountry "CAN"]
[SourceTitle "EXT 2022"]
[Source "ChessBase"]
[SourceDate "2021.10.06"]
[SourceVersion "1"]
[SourceVersionDate "2021.10.06"]
[SourceQuality "1"]

1. e4 c5 2. Nf3 d6 3. d4 cxd4 4. Nxd4 Nc6 5. c4 Qb6 6. Nb3 e5 7. Be3 Qc7 8. Be2 Nf6 9. Nc3 Be6 10. Rc1 Ne7 11. Nb5 Qd7 12. Nxd6+ Kd8 13. Nc5 Qc6 14. Nxf7+ Ke8 15. Nd6+ Kd8 16. Nxe6+ Kd7 17. Nxf8+ Rhxf8 18. Nf5+ Ke8 19. Nxe7 Kxe7 20. f3 Rad8 21. Qb3 b6 22. 0-0 Rfe8 23. c5 Qb7 24. cxb6 Nd7 25. Bg5+ Nf6 26. Rc7+ Qxc7 27. Bxf6+ gxf6 28. bxc7 Rc8 29. Rc1 Kd6 30. Qb4+ Kd7 31. Bb5+ Ke6 32. Bxe8 Rxe8 33. Rc6+ Kd7 34. Qd6+ Kc8 35. b4 h6 36. a4 h5 37. a5 a6 38. Rxa6 h4 39. Qc6 Re7 40. Ra8# 1-0